| 000 | 00852cam a2200277 i 4500 | ||
|---|---|---|---|
| 999 |
_c200441540 _d59752 |
||
| 003 | TR-AnTOB | ||
| 005 | 20220314092131.0 | ||
| 007 | ta | ||
| 008 | 210624s1982 tur||||| |||| 00| 0 tur d | ||
| 040 |
_aTR-AnTOB _beng _erda _cTR-AnTOB _dTR-AnTOB |
||
| 041 | 0 | _atur | |
| 050 | 4 |
_aPL189 _b.D46 1982 |
|
| 090 |
_aPL189 _b.D46 1982 |
||
| 100 | 1 |
_aDemiray, Kemal _914422 |
|
| 245 | _aTemel türkçe sözlük | ||
| 264 | 1 |
_aİstanbul: _bİnkilap ve Aka Kitabevleri, _c1982. |
|
| 300 |
_a2 volumes (1133 pages) : _billustration ; _c28 cm |
||
| 336 |
_2rdacontent _atext _btxt |
||
| 337 |
_2rdamedia _aunmediated _bn |
||
| 338 |
_2rdacarrier _avolume _bnc |
||
| 500 | _a "¿zel adlar": p. [1045]-1133. | ||
| 650 | 7 |
_aTürk dili _vSözlükler _2etuturkob _9123736 |
|
| 653 | _aTurkish language--Dictionaries | ||
| 942 |
_2lcc _cBK |
||